书目信息 |
| 题名: |
八方集
|
|
| 作者: | 冯亦代 著 | |
| 分册: | ||
| 出版信息: | 北京 人民日报出版社 1981 |
|
| 页数: | 280页 | |
| 开本: | 19cm | |
| 丛书名: | 大地文丛 | |
| 单 册: | ||
| 中图分类: | I267 , I207 | |
| 科图分类: | ||
| 主题词: | 散文--中国--现代--选集 , 文学--中国 | |
| 电子资源: | ||
| ISBN: | ||
| 000 | 00672oam2 2200265 450 | |
| 001 | 1573008453 | |
| 005 | 20150120201748.96 | |
| 010 | @dCNY0.85 | |
| 091 | @a10132.011 | |
| 100 | @a19950627d1981 em y0chiy0110 ea | |
| 101 | 0 | @achi |
| 102 | @aCN@b110000 | |
| 105 | @ay z 000cy | |
| 200 | 1 | @a八方集@9ba fang ji@f冯亦代著 |
| 210 | @a北京@c人民日报出版社@d1981 | |
| 215 | @a280页@d19cm | |
| 225 | 2 | @a大地文丛 |
| 461 | 0 | @12001 @a大地文丛 |
| 606 | 0 | @a散文@y中国@z现代@x选集 |
| 606 | 0 | @a文学@x中国 |
| 690 | @aI267@v5 | |
| 690 | @aI207@v4 | |
| 701 | 0 | @a冯亦代@9feng yi dai@f(1913.11~2005.2)@4著 |
| 801 | 0 | @aCN@bTSSF@c20150120 |
| 905 | @aZUCC@dI207@eJY79 | |
| 八方集/冯亦代著.-北京:人民日报出版社,1981 |
| 280页;19cm.-(大地文丛) |
| ISBN :CNY0.85 |
| ● |
| 相关链接 |
|
|
|
|
正题名:八方集
索取号:I207/JY79
 
预约/预借
| 序号 | 登录号 | 条形码 | 馆藏地/架位号 | 状态 | 备注 |
| 1 | 7842133 | 278421334 | 学院路分馆/ [索取号:I207/JY79] | 在馆 | |
| 2 | 7842134 | 278421343 | 学院路分馆/ [索取号:I207/JY79] | 在馆 |